000 00447cam a2200169ua 4500
020 _c12.00
041 _aeng
_h
082 _a352.00722
_bGEO/RE
100 _aGeorge, Jacob .
245 _aReadings on Panchayathi raj /
_cJacob George.
_hTextual Documents
260 _aHyderabad :
_bNational Institute of Community Development ,
_c1967.
300 _a166 ; .
365 _a12.00
504 _a
942 _cBK
999 _c11982
_d11982